| 000 | 01108cam a2200325 i 4500 | ||
|---|---|---|---|
| 001 | 17499436 | ||
| 003 | EG-ScBUE | ||
| 005 | 20240502111428.0 | ||
| 008 | 121018t2013 coua f b 001 0 eng d | ||
| 020 | _a9780813348339 | ||
| 040 |
_aEG-ScBUE _beng _erda _cEG-ScBUE _dEG-ScBUE |
||
| 043 | _aaw----- | ||
| 082 | 0 | 4 |
_a956 _222 _bCLE |
| 100 | 1 |
_aCleveland, William L., _eauthor. _929167 |
|
| 245 | 1 | 2 |
_aA history of the modern Middle East / _cWilliam L. Cleveland, late of Simon Fraser University, Martin Bunton, University of Victoria. |
| 250 | _aFifth edition. | ||
| 264 | 1 |
_aBoulder, CO : _bWestview Press, _c[2013] |
|
| 264 | 4 | _cc2013 | |
| 300 |
_axix, 580 pages : _billustrations ; _c23 cm |
||
| 336 |
_2rdacontent _atext _btxt |
||
| 337 |
_aunmediated _2rdamedia _bn |
||
| 338 |
_avolume _bnc _2rdacarrier |
||
| 504 | _aIncludes bibliographical references and index. | ||
| 650 | _2BUEsh | ||
| 651 | 7 |
_aMiddle East _xHistory _y1517- _932723 _2BUEsh |
|
| 653 |
_bBUSBOL _cFebruary2013 _cSeptember2017 |
||
| 655 |
_vText book _933728 |
||
| 700 | 1 |
_aBunton, Martin P., _eauthor. _929169 |
|
| 942 |
_2ddc _cBB |
||
| 999 |
_c17325 _d17297 |
||